Horticultura científica e industrial

Gardado en:
Detalles Bibliográficos
Autor Principal: Janick, Jules (Author)
Formato: Libro
Idioma:Lingua castelá
Publicado: Zaragoza Acribia 1965
Subjects:
Tags: Engadir etiqueta
Sen Etiquetas, Sexa o primeiro en etiquetar este rexistro!

MARC

LEADER 00000nam a2200000 a 4500
001 UCR4512
003 CL-VaPUC
008 980313e19650000SP |||||||||||||||||spa|d
082 0 4 |a 635  |b JAN  |2 21 
100 |a Janick, Jules  |e author  |9 599568 
245 1 0 |a Horticultura científica e industrial 
300 |a 564 p 
942 |c BK 
945 |d 19980313 00:00:00  |a rleighto 
260 |a Zaragoza  |b Acribia  |c 1965 
650 0 |a Horticultura  |9 259721 
650 0 |a Plantas  |9 264555 
650 0 |a Desarrollo vegetal  |9 338112 
650 7 |a INDUSTRIA HORTICOLA  |2 CL-VaPUC  |9 404767 
650 7 |a CONDICIONES AMBIENTALES  |2 CL-VaPUC  |9 404768 
583 |a last modification  |c 19980313 00:00:00  |k Rodrigo Vera 
999 |c 267450  |d 267448